25 rokov moderného poisťovníctva na Slovensku bakalárska práca

Guardado en:
Detalles Bibliográficos
Autor principal: Steinerová, Sára
Autor Corporativo: Národohospodárska fakulta EU. Katedra poisťovníctva
Otros Autores: Pastoráková, Erika, 1972-
Formato: Libro
Lenguaje:eslovaco
Publicado: Bratislava 2021
Etiquetas: Agregar Etiqueta
Sin Etiquetas, Sea el primero en etiquetar este registro!

MARC

LEADER 00000nbm a2200000 4500
001 0278156
005 20220104132731.9
041 0 |a slo 
044 |a SK 
245 1 0 |a 25 rokov moderného poisťovníctva na Slovensku  |b bakalárska práca  |c Sára Steinerová ; školiteľ: Erika Pastoráková 
264 1 |a Bratislava  |c 2021 
300 |a 50 s. 
100 1 |a Steinerová, Sára 
700 1 |a Pastoráková, Erika, 1972- 
710 2 |a Národohospodárska fakulta EU. Katedra poisťovníctva